|
|
|
|
| LEADER |
00000nbm0a2200000 4500 |
| 001 |
66190 |
| 005 |
20231031071307.0 |
| 035 |
|
|
|a (RuTPU)RU\TPU\book\70304
|
| 090 |
|
|
|a 66190
|
| 100 |
|
|
|a 20040726d1983 k y0rusy50 ca
|
| 101 |
0 |
|
|a rus
|
| 102 |
|
|
|a RU
|
| 105 |
|
|
|a a m 001zy
|
| 200 |
1 |
|
|a Особенности нагружения и прочность резцов с УПП в связи с их использованием для получения полуфабриката фольги
|e диссертация на соискание ученой степени кандидата технических наук
|e Спец. 05.03.01.
|f В. А. Бутенко
|g Томский политехнический институт; науч. рук.: М. Ф. Потехина
|
| 210 |
|
|
|a Томск
|c [Б. и.]
|d 1983
|
| 215 |
|
|
|a 175 л.
|c ил.
|
| 320 |
|
|
|a Библиогр.: с. 160-175 (153 назв.)
|
| 610 |
1 |
|
|a диссертации
|
| 610 |
1 |
|
|a процессы
|
| 610 |
1 |
|
|a машины
|
| 610 |
1 |
|
|a обработка материалов
|
| 610 |
1 |
|
|a обработка резанием
|
| 610 |
1 |
|
|a автоматические линии
|
| 610 |
1 |
|
|a резание
|
| 610 |
1 |
|
|a нагружение
|
| 610 |
1 |
|
|a прочность
|
| 610 |
1 |
|
|a резцы
|
| 610 |
1 |
|
|a фольгированные материалы
|
| 610 |
1 |
|
|a полуфабрикаты
|
| 675 |
|
|
|a 621.9.025.1(048)
|v 3
|
| 686 |
|
|
|a 05.03.01.
|2 oksvnk
|
| 700 |
|
1 |
|a Бутенко
|b В. А.
|g Владимир Александрович
|
| 702 |
|
1 |
|a Потехина
|b М. Ф.
|4 727
|
| 712 |
0 |
2 |
|a Томский политехнический институт
|2 stltpush
|3 (RuTPU)RU\TPU\col\1123
|
| 801 |
|
1 |
|a RU
|b 63413507
|c 20040726
|g PSBO
|
| 801 |
|
2 |
|a RU
|b 63413507
|c 20170710
|g PSBO
|
| 942 |
|
|
|c BK
|